| 000 | 01003nam a2200313 i 4500 | ||
|---|---|---|---|
| 001 | bg | ||
| 100 | 1 | _aSIODŁA, Krzysztof | |
| 245 | 1 | 0 |
_aRola zjawisk przedwyładowczych w wysokonapięciowych układach o izolacji gazowej i w środowisku naturalnym / _cKrzysztof Siodła. |
| 260 |
_aPoznań : _bWydaw. PP, _c2005. |
||
| 300 |
_a125, [1] s. : _bfot., rys., wykr. ; _c24 cm. |
||
| 490 | 1 |
_aRozprawy / Politechnika Poznańska, _x0551-6528 ; _vnr 388 |
|
| 500 | _aStreszcz. ang. | ||
| 504 | _aBibliogr. s. [114]-125. | ||
| 650 | 9 | _aGazy | |
| 650 | 9 |
_aIzolacje elektryczne _xmateriały |
|
| 650 | 9 | _aPowietrze | |
| 650 | 9 | _aPróżnia | |
| 650 | 9 | _aTechnika wysokich napięć | |
| 650 | 9 | _aWyładowania niezupełne | |
| 830 | 0 |
_aRozprawy (Politechnika Poznańska) ; _vnr 388 |
|
| 015 | _aPB 8096/2005 | ||
| 020 | _a837143281X | ||
| 040 | _cBPK | ||
| 041 | 0 |
_apol _beng |
|
| 080 | _a621.315.6:537.5 | ||
| 920 | _a83-7143-281-X | ||
| 942 | _cKS | ||
| 008 | s pl f |000 0 pol | ||
| 999 |
_c46665 _d46665 |
||
| 856 |
_uhttp://koha.tu.koszalin.pl/cgi-bin/koha/opac-detail.pl?biblionumber=46665 _yKatalog online BPK |
||